|
|
|
|
| LEADER |
00844cam a2200325 i 4500 |
| 001 |
000046365 |
| 003 |
5828 |
| 005 |
20030217151248.0 |
| 008 |
010220|2000 vm 000 eng |
| 020 |
|
|
|a 0130156841
|
| 040 |
|
|
|a IRC
|c IRC
|d IRC
|
| 041 |
0 |
|
|a eng
|
| 082 |
1 |
4 |
|a 658.8
|b KO-P
|
| 100 |
1 |
|
|a Kotler, Philip,
|d 1931-
|
| 245 |
0 |
0 |
|a Marketing management /
|c Philip Kotler, 1931-
|
| 260 |
|
|
|a Upper Saddle River, NJ :
|b Prentice Hall International,
|c 2000.
|
| 300 |
|
|
|a xxxii, 718, 131p. :
|b col. ill., map.
|
| 630 |
0 |
4 |
|a Marketing.
|
| 630 |
0 |
4 |
|a Management.
|
| 650 |
0 |
4 |
|a Marketing
|x Management.
|
| OWN |
|
|
|a DUT
|
| 999 |
|
|
|a From the UDN01
|
| TYP |
|
|
|a Monograph
|
| TYP |
|
|
|a Printed language
|
| 980 |
|
|
|a Mạng thư viện Đại học Đà Nẵng
|